| 000 | 00881cab a2200229 4500 | ||
|---|---|---|---|
| 001 | ##L135648 | ||
| 008 | 061121n2006 000 0 eng u | ||
| 035 | _a(Sirsi) u135648 | ||
| 041 | 0 | _aeng | |
| 100 | 1 | _aGreig-Smith, Heather | |
| 245 | 0 | 0 |
_aRegional _bnorth-west |
| 260 | _c2006 | ||
| 490 | 0 |
_aProperty Week _v71(45) 10 November 2006, 103-133(10) |
|
| 520 | _aConsiders Ethel Austin Properties' £675m investment portfolio, retail plans for the Manchester suburb of Chorlton, Argent's commercial development Hive scheme in Manchester's northern quarter, and the relocation of the BBC to Salford's Mediacity site. Includes news and deals from across the region. | ||
| 590 | _aKA | ||
| 651 | 4 | _aNORTHWEST ENGLAND | |
| 651 | 4 | _aMANCHESTER | |
| 651 | 4 | _aSALFORD | |
| 651 | 4 | _aCHORLTON | |
| 690 | _aPROPERTY-COMMERCIAL PROPERTY-COMMERCIAL PROPERTY MARKET | ||
| 942 | _n0 | ||
| 999 |
_c77964 _d77964 |
||